000 01447cam a2200277 4500
001 ##L130037
002 ##8801
008 050616n2005 000 0 eng u
020 _a0418829004
035 _a(Sirsi) u130037
041 0 _aeng
050 0 4 _a692.8 $2 18
110 2 _aJoint Contracts Tribunal
_93664
240 0 0 _aMWD 05
245 0 0 _aMWD
_bMinor Works Building Contract With Contractor's Design 2005
260 _aLondon
_bSweet and Maxwell
_c2005
300 _aii, 40p. $3 0cm.
350 _a11.95
490 0 _aJCT Minor Works Building Contract With Contractor's Design 2005 Edition
520 _aAppropriate for simple works where the requirements for the contractor's design of parts are detailed by or on behalf of the employer. The contract may be used where drawings, a specification and/or work schedules define the quantity and quality of the work and there is a contract administrator. This form is not suitable as a design and build contract, where bills of quantities are required, where provisions for named specialists are required or where detailed control procedures are needed.
650 2 4 _aJCT MINOR WORKS BUILDING CONTRACT WITH CONTRACTOR'S DESIGN (2005 EDITION)
650 2 4 _aJCT MINOR WORKS BUILDING CONTRACT (2005 EDITION)
651 4 _aUnited Kingdom
_y
690 _aBUILT ENVIRONMENT-BUILDING CONTRACT FORMS-STANDARD FORMS OF BUILDING CONTRACT-JOINT CONTRACTS TRIBUNAL CONTRACTS
942 _n0
999 _c104334
_d104334